| 000 | 00573nam a2200229Ia 4500 | ||
|---|---|---|---|
| 008 | 160803s9999 xx 000 0 und d | ||
| 020 | _a9780439396875 | ||
| 100 | _aCameron, Anne | ||
| 245 | _aGloria's way / | ||
| 245 | _cAnn Cameron ; pictures by Lis Toft. | ||
| 260 | _aNew York : | ||
| 260 | _bScholastic Inc. | ||
| 260 | _c2000 | ||
| 300 | _a96 pages : | ||
| 300 | _billustrations ; | ||
| 300 | _c20 cm. | ||
| 650 | _aFriendship -- | ||
| 650 | _aParent and child -- | ||
| 650 | _xJuvenile fiction. | ||
| 650 | _xJuvenile fiction. | ||
| 700 | _a410 | ||
| 999 |
_c298775 _d298775 |
||